Animal names that are descriptive compound words in German - Statistics

General Stats
  • This quiz has been taken 133 times
    72 since last reset
  • The average score is 13 of 23
Answer Stats
German Word Literal English Translation Answer % Correct
Tintenfisch Ink fish Squid
86%
Schildkröte Armored toad Turtle
82%
Faultier Lazy animal Sloth
77%
Nashorn Nose horn Rhinoceros
76%
Seehund Sea dog Seal
73%
Hundertfüßler Creature with Hundred Feet Centipede
70%
Fledermaus Fluttering mouse Bat
68%
Schmetterling Creature that strikes loudly Butterfly
68%
Nacktschnecke Naked snail Slug
62%
Flusspferd River horse Hippopotamus
58%
Eichkätzchen Oak tree kitten Squirrel
55%
Marienkäfer Mary's beetle Ladybug
53%
Stachelschwein Thorned pig Porcupine
53%
Truthuhn Garbling chicken Turkey
50%
Seekuh Sea cow Manatee
47%
Waschbär Washing bear Raccoon
47%
Vogelspinne Bird spider Tarantula
45%
Schnabeltier Animal with a bill Platypus
42%
Seeigel Hedgehog of the Sea Sea urchin
42%
Meerschweinchen Little pig of the sea Guinea Pig
35%
Brillenschlange Snake with reading glasses Indian cobra
35%
Ohrenkneifer Ear pincher Earwig
30%
Maulwurf Toss/throw with the mouth Mole
21%
No matching quizzes found
Score Distribution
Percent of People with Each Score
Percentile by Number Answered
Your Score History
You have not taken this quiz since the last reset